Sports ou la France a eu 20 médailles ou + au J.O - Statistiques

Statistiques générales
  • Ce quiz a été pris 1 089 fois
  • Le résultat moyen est 9 sur 15
Statistiques - réponses
médailles Sports % Correct
68 Athlétisme
90%
43 Natation
87%
49 Judo
86%
118 Escrime
75%
48 Ski alpin
67%
25 Biathlon
61%
91 Cyclisme
57%
33 Tir
51%
24 Tir à l'arc
51%
37 Equitation
50%
25 Boxe
48%
22 Gymnastique
42%
36 Canoë-kayak
41%
34 Aviron
35%
41 Voile
26%
Aucun quiz correspondant
Distribution des résultats
% des personnes avec chaque résultat
Percentile par nombre de réponses
Votre historique - résultats
Vous n’avez pas pris ce quiz